| 000 | 00749nam a22002177a 4500 | ||
|---|---|---|---|
| 003 | UA-OsUOA | ||
| 001 | 68723 | ||
| 007 | ta | ||
| 008 | 20100514b un ||||| |||| 00| 0 ukr d | ||
| 100 | _aПшик Б.І. | ||
| 090 |
_a330 _bП93 |
||
| 942 | _cSA | ||
| 040 |
_aUA-OsUOA _bukr _cUA-OsUOA _dUA-OsUOA |
||
| 245 | _aШляхи вдосконалення амортизаційної політики та посилення її ролі у розвитку фінансово-кредитних відносин в Україні | ||
| 300 | _aС.115-123 | ||
| 955 | _a0 | ||
| 041 | _aukr | ||
| 080 | _a330 | ||
| 773 | 0 |
_w68718 _tРегіональна економіка _dЛьвів _d2010 _g1 |
|
| 650 | 7 |
_a330 Економіка взагалі _2UDC |
|
| 999 |
_c354980 _d354980 |
||